000 00863nam a2200301Ia 4500
001 7431
003 IT-RoPAU
008 130308s9999 xx 000 0 und d
040 _aIT-RoPAU
040 _cIT-RoPAU
041 _aFRANCESE
100 _aLevine Jacques
100 _gCodice Aut. SPICS: 10417
245 _aStratifications precoces de l'identitè et non-desirabilitè
245 _bIdentite' Individuelle et Personnalisation
250 _a1a ed.
260 _aTOULOUSE
260 _bPrivat
260 _c1980 [1° Ed.:1980 - Ed.Ling.Originale:1979]
300 _a"10 p. (prefazione: no ; testo: 10 [pagine: 227-236])"
500 _aStratificazioni Precoci dell'Identità e Non Desiderabilita'
650 _aSAGGI DI PSICOLOGIA
650 _eCodice materia Spics: 3607
942 _cBK
957 _71
999 _c42450
_d42450
999 _bSI
999 _g1